| 000 | 00665nam a2200229 a 4500 | ||
|---|---|---|---|
| 005 | 20210219153216.0 | ||
| 008 | 991125n 000 0 spa u | ||
| 035 | _aUPN01000084322 | ||
| 100 | 1 | _aDefoir, Sylvia | |
| 222 | _aINFANCIA Y APRENDIZAJE = | ||
| 222 | _bJOURNAL FOR THE STUDY OF EDUCATION AND DEVELOPMENT | ||
| 245 | _aLa conciencia fonológica y la adquisición de la lectoescritura | ||
| 260 | _aMadrid, España | ||
| 300 | _a91-113 | ||
| 362 | 0 | _a1994 Nos. 67-68 | |
| 653 | 0 | _aAPRENDIZAJE | |
| 653 | 0 | _aCONCIENCIA FONOLOGICA | |
| 653 | 0 | _aHABILIDADES FONOLOGICAS | |
| 653 | 0 | _aLECTO-ESCRITURA | |
| 904 |
_aAC _b022133 |
||
| 905 | _aArticulo | ||
| 999 |
_c71147 _d71147 |
||